000
00271nam a2200109Ia 4500
008
190216s9999||||xx |||||||||||||| ||und||
100
_a
Andley Kk
245
0
_a
Textbook Of Money Foreign Exchange And Banking
260
_b
Pusthak Mahal
_c
1963
300
_a
54p
942
_c
BK
999
_c
4460
_d
4460